Nelineárne programovanie, teória a algoritmy
Gespeichert in:
| 1. Verfasser: | |
|---|---|
| Weitere Verfasser: | |
| Format: | Buch |
| Sprache: | Slowakisch |
| Veröffentlicht: |
Bratislava
Ing. Miroslav Mračko, EPOS
2013
|
| Schlagworte: | |
| Tags: |
Keine Tags, Fügen Sie das erste Tag hinzu!
|
MARC
| LEADER | 00000nam a2200000 4500 | ||
|---|---|---|---|
| 001 | 0183496 | ||
| 005 | 20230109114711.6 | ||
| 020 | |a 978-80-8057-986-9 | ||
| 041 | 0 | |a slo | |
| 044 | |a SK | ||
| 245 | 1 | 0 | |a Nelineárne programovanie, teória a algoritmy |c Milan Hamala, Mária Trnovská |
| 264 | 1 | |a Bratislava |b Ing. Miroslav Mračko, EPOS |c 2013 | |
| 300 | |a 339 s. | ||
| 610 | 2 | 0 | |a programovanie nelineárne |
| 610 | 2 | 0 | |a metódy |
| 610 | 2 | 0 | |a funkcie matematické |
| 610 | 2 | 0 | |a optimalizácia |
| 610 | 2 | 0 | |a programovanie konvexné |
| 610 | 2 | 0 | |a matice |
| 610 | 2 | 0 | |a analýza matematická |
| 610 | 2 | 0 | |a programovanie lineárne |
| 100 | 1 | |a Hamala, Milan | |
| 700 | 1 | |a Trnovská, Mária | |